Harvard observatory centennial symposia, december 1946 (Record no. 7510)

MARC details
000 -LEADER
fixed length control field 00871nam a2200217Ia 4500
003 - CONTROL NUMBER IDENTIFIER
control field IN-BaIIA
008 - FIXED-LENGTH DATA ELEMENTS--GENERAL INFORMATION
fixed length control field 211028s9999 xx 000 0 eng d
040 ## - CATALOGING SOURCE
Transcribing agency IIA Library
080 ## - UNIVERSAL DECIMAL CLASSIFICATION NUMBER
Universal Decimal Classification number 524.575
Item number HOM
110 ## - MAIN ENTRY--CORPORATE NAME
Corporate name or jurisdiction name as entry element The Harvard College Observatory
9 (RLIN) 12780
245 #0 - TITLE STATEMENT
Title Harvard observatory centennial symposia, december 1946
Remainder of title contributions on interstellar matter, electronics and computational devices, eclipsing binaries the gaseous envelope of the earth
Statement of responsibility, etc. The Harvard College Observatory
260 ## - PUBLICATION, DISTRIBUTION, ETC.
Place of publication, distribution, etc. Cambridge
Name of publisher, distributor, etc. Harvard Observatory
Date of publication, distribution, etc. 1948
300 ## - PHYSICAL DESCRIPTION
Extent viii, 385p.
490 ## - SERIES STATEMENT
Series statement Harvard observatory monographs; no. 8
500 ## - GENERAL NOTE
General note Donated by Mrs. Bappu
650 ## - SUBJECT ADDED ENTRY--TOPICAL TERM
Topical term or geographic name entry element Astronomy and Astrophysics Thesaurus
650 ## - SUBJECT ADDED ENTRY--TOPICAL TERM
Topical term or geographic name entry element Eclipsing Binaries
9 (RLIN) 7591
650 ## - SUBJECT ADDED ENTRY--TOPICAL TERM
Topical term or geographic name entry element Gaseous Envelope
9 (RLIN) 12781
650 ## - SUBJECT ADDED ENTRY--TOPICAL TERM
Topical term or geographic name entry element Interstellar Matter
9 (RLIN) 1189
942 ## - ADDED ENTRY ELEMENTS (KOHA)
Koha item type Books
Holdings
Withdrawn status Lost status Damaged status Not for loan Home library Current library Shelving location Date acquired Total Checkouts Full call number Barcode Date last seen Price effective from Koha item type
        IIA Library-Bangalore IIA Library-Bangalore General Stacks 15/07/1983   524.575/ HOM 8322 05/11/2021 15/07/1983 Books

Powered by Koha